[Event "33rd Leon Blitz Open 2020"]
[Site "chess.com INT"]
[Date "2020.07.14"]
[Round "1"]
[White "Svicevic, Rastko"]
[Black "Musovic, Armin"]
[Result "0-1"]
[WhiteTitle "FM"]
[BlackTitle "FM"]
[WhiteElo "2215"]
[BlackElo "2207"]
[WhiteFideId "916315"]
[BlackFideId "939935"]
[EventDate "2020.07.14"]
[EventType "blitz"]

1. d4 d5 2. Bg5 f6 3. Bh4 c5 4. e3 Nc6 5. Ne2 Bg4 6. f3 Bh5 7. c3 cxd4 8. exd4
a6 9. Nd2 e6 10. Nf4 Bf7 11. Bd3 g5 12. Bg3 gxf4 0-1

[Event "33rd Leon Blitz Open 2020"]
[Site "chess.com INT"]
[Date "2020.07.14"]
[Round "1"]
[White "Demchenko, Anton"]
[Black "Ogloblin, Nikolay"]
[Result "1-0"]
[WhiteTitle "GM"]
[BlackTitle "IM"]
[WhiteElo "2641"]
[BlackElo "2346"]
[WhiteFideId "4160258"]
[BlackFideId "4139658"]
[EventDate "2020.07.14"]
[EventType "blitz"]

1. d4 Nf6 2. Nf3 e6 3. Bf4 d5 4. e3 Bd6 5. Ne5 Nfd7 6. Bd3 Nxe5 7. dxe5 Bb4+ 8.
c3 Be7 9. h4 b6 10. Nd2 Bb7 11. Qg4 Kf8 12. h5 h6 13. Rh3 Bg5 14. Nf3 Bxf4 15.
exf4 Qe7 16. Rg3 f5 17. exf6 Qxf6 18. Ne5 Nc6 19. Nd7+ 1-0

[Event "33rd Leon Blitz Open 2020"]
[Site "chess.com INT"]
[Date "2020.07.14"]
[Round "1"]
[White "Orozbaev, Eldiar"]
[Black "Sorokin, Aleksey"]
[Result "1/2-1/2"]
[WhiteTitle "CM"]
[BlackTitle "FM"]
[WhiteElo "1973"]
[BlackElo "2521"]
[WhiteFideId "13802240"]
[BlackFideId "24176460"]
[EventDate "2020.07.14"]
[EventType "blitz"]

1. e4 e5 2. Nf3 Nc6 3. Bc4 Bc5 4. O-O Nf6 5. d4 Bxd4 6. Nxd4 Nxd4 7. f4 d6 8.
fxe5 dxe5 9. Bg5 Be6 10. Na3 Qe7 11. c3 Bxc4 12. Nxc4 Ne6 13. Bxf6 gxf6 14. Kh1
Rg8 15. Ne3 c6 16. Nf5 Qc5 17. Nd6+ Ke7 18. Nf5+ Ke8 19. Nd6+ Ke7 20. Nf5+ Ke8
21. Nd6+ Ke7 1/2-1/2

[Event "33rd Leon Blitz Open 2020"]
[Site "chess.com INT"]
[Date "2020.07.14"]
[Round "1"]
[White "Mehdi, Hasan Parag"]
[Black "Sychev, Klementy"]
[Result "0-1"]
[WhiteTitle "FM"]
[BlackTitle "GM"]
[WhiteElo "2180"]
[BlackElo "2572"]
[WhiteFideId "10201203"]
[BlackFideId "4114060"]
[EventDate "2020.07.14"]
[EventType "blitz"]

1. e4 e5 2. Nf3 Nc6 3. Bb5 a6 4. Ba4 b5 5. Bb3 Na5 6. O-O d6 7. d4 exd4 8. Nxd4
Bb7 9. Re1 c5 10. Bxf7+ Kxf7 11. Nf5 Nf6 12. Nc3 Qd7 13. Bf4 b4 14. Nd5 Bxd5 15.
exd5 Qxf5 0-1

[Event "33rd Leon Blitz Open 2020"]
[Site "chess.com INT"]
[Date "2020.07.14"]
[Round "1"]
[White "Thipsay, Praveen M"]
[Black "Safarli, Eltaj"]
[Result "0-1"]
[WhiteTitle "GM"]
[BlackTitle "GM"]
[WhiteElo "2376"]
[BlackElo "2598"]
[WhiteFideId "5000033"]
[BlackFideId "13402129"]
[EventDate "2020.07.14"]
[EventType "blitz"]

1. e4 e5 2. Nf3 Nc6 3. Bb5 a6 4. Ba4 d6 5. Bxc6+ bxc6 6. d4 exd4 7. Nxd4 c5 8.
Ne2 Bb7 9. Ng3 g6 10. Nc3 Bg7 11. O-O Ne7 12. Bg5 h6 13. Bf4 O-O 14. Qd2 g5 15.
Be3 f5 16. exf5 Nxf5 17. Nxf5 Rxf5 18. f4 g4 19. Rae1 Qd7 20. Nd1 Re8 21. c4 h5
22. Bf2 Ref8 23. Be3 h4 24. Nf2 h3 25. g3 Qc6 0-1

[Event "33rd Leon Blitz Open 2020"]
[Site "chess.com INT"]
[Date "2020.07.14"]
[Round "1"]
[White "Efimenko, Zahar"]
[Black "Hoffmann, Asa"]
[Result "1-0"]
[WhiteTitle "GM"]
[BlackTitle "FM"]
[WhiteElo "2602"]
[BlackElo "2185"]
[WhiteFideId "14107201"]
[BlackFideId "2001470"]
[EventDate "2020.07.14"]
[EventType "blitz"]

1. e4 d6 2. d4 c6 3. Nc3 a6 4. Nf3 Bg4 5. Be2 Nf6 6. O-O e6 7. e5 Bxf3 8. Bxf3
dxe5 9. dxe5 Qxd1 10. Rxd1 Nd5 11. Nxd5 cxd5 12. c4 Nc6 13. cxd5 Nxe5 14. Be4
exd5 15. Bxd5 Nc6 16. Bg5 f6 17. Bf4 g5 18. Bg3 O-O-O 19. Be6+ 1-0

[Event "33rd Leon Blitz Open 2020"]
[Site "chess.com INT"]
[Date "2020.07.14"]
[Round "1"]
[White "Bodnar, Nikolay"]
[Black "Nguyen, Ngoc Truong Son"]
[Result "0-1"]
[WhiteTitle "IM"]
[BlackTitle "GM"]
[WhiteElo "2424"]
[BlackElo "2641"]
[WhiteFideId "14106469"]
[BlackFideId "12401110"]
[EventDate "2020.07.14"]
[EventType "blitz"]

1. e4 c5 2. Nf3 Nc6 3. d4 cxd4 4. Nxd4 Nf6 5. Nc3 e5 6. Ndb5 d6 7. Bg5 a6 8. Na3
b5 9. Nab1 Be7 10. Bxf6 Bxf6 11. a4 b4 12. Nd5 O-O 13. Bc4 Be6 14. O-O Bg5 15.
c3 a5 16. cxb4 axb4 17. Nd2 Bxd2 18. Qxd2 Nd4 19. Rfc1 b3 20. Ra3 Qa5 21. Qxa5
Rxa5 22. Bxb3 Ne2+ 0-1

[Event "33rd Leon Blitz Open 2020"]
[Site "chess.com INT"]
[Date "2020.07.14"]
[Round "1"]
[White "Jaracz, Pawel"]
[Black "De Silva, L M S T"]
[Result "1-0"]
[WhiteTitle "GM"]
[BlackTitle "FM"]
[WhiteElo "2456"]
[BlackElo "2114"]
[WhiteFideId "1102222"]
[BlackFideId "9953698"]
[EventDate "2020.07.14"]
[EventType "blitz"]

1. e4 e5 2. Nf3 Nc6 3. Bc4 Nf6 4. d3 Bc5 5. Nbd2 O-O 6. O-O d5 7. exd5 Nxd5 8.
Ne4 Bb6 9. Re1 f6 10. c3 Be6 11. b4 a5 12. b5 Nce7 13. a4 Ng6 14. Ba3 Re8 15.
Qb3 Kh8 16. Rad1 Rb8 17. d4 exd4 18. Nxd4 Bxd4 19. Rxd4 c6 20. Nd6 Re7 21. Rxe6
Rxe6 22. Nf7+ Kg8 23. Nxd8 Re1+ 24. Bf1 Nf4 25. Rxf4 1-0

[Event "33rd Leon Blitz Open 2020"]
[Site "chess.com INT"]
[Date "2020.07.14"]
[Round "1"]
[White "Sukandar, Irine Kharisma"]
[Black "Albornoz Cabrera, Carlos Daniel"]
[Result "0-1"]
[WhiteTitle "IM"]
[BlackTitle "GM"]
[WhiteElo "2413"]
[BlackElo "2573"]
[WhiteFideId "7101937"]
[BlackFideId "3518736"]
[EventDate "2020.07.14"]
[EventType "blitz"]

1. d4 Nf6 2. Nf3 g6 3. Bg5 Bg7 4. Nbd2 O-O 5. e4 d5 6. e5 Ne4 7. Be3 c5 8. c3
Nc6 9. Bd3 Nxd2 10. Qxd2 cxd4 11. cxd4 Bg4 12. Be2 e6 13. O-O Qb6 14. Rfc1 Bxf3
15. Bxf3 Rfc8 16. h4 h5 17. Rc2 Rc7 18. Rac1 Rac8 19. g3 Nxd4 20. Rxc7 Rxc7 21.
Bxd4 Rxc1+ 22. Qxc1 Qxd4 23. Qc8+ Bf8 24. b3 Kg7 25. Qd8 Qxe5 26. Kg2 Bc5 27.
Qa5 Qd4 28. Qe1 e5 0-1

[Event "33rd Leon Blitz Open 2020"]
[Site "chess.com INT"]
[Date "2020.07.14"]
[Round "1"]
[White "Xu, Yuanyuan"]
[Black "Lugovskoy, Maxim"]
[Result "0-1"]
[WhiteTitle "WGM"]
[BlackTitle "GM"]
[WhiteElo "2317"]
[BlackElo "2420"]
[WhiteFideId "8601089"]
[BlackFideId "24126454"]
[EventDate "2020.07.14"]
[EventType "blitz"]

1. d4 e6 2. c4 d5 3. Nf3 a6 4. Bg5 Nf6 5. e3 Be7 6. Bd3 Nbd7 7. O-O dxc4 8. Bxc4
b5 9. Bd3 Bb7 10. Nbd2 O-O 11. Qe2 c6 12. Rac1 c5 13. dxc5 Nxc5 14. Bb1 Rc8 15.
Rfd1 Qb6 16. e4 h6 17. Bh4 Rfe8 18. Bxf6 Bxf6 19. e5 Be7 20. b4 Na4 21. Qd3 g6
22. Rc4 bxc4 23. Nxc4 Rxc4 24. Qxc4 Nb2 25. Qd4 Rd8 26. Rd2 Rxd4 0-1

[Event "33rd Leon Blitz Open 2020"]
[Site "chess.com INT"]
[Date "2020.07.14"]
[Round "1"]
[White "Sanal, Vahap"]
[Black "Ortega Amarelle, Mariano"]
[Result "1-0"]
[WhiteTitle "GM"]
[BlackTitle "IM"]
[WhiteElo "2581"]
[BlackElo "2458"]
[WhiteFideId "6300545"]
[BlackFideId "3504301"]
[EventDate "2020.07.14"]
[EventType "blitz"]

1. e4 c5 2. Nc3 d6 3. Bb5+ Nd7 4. d4 cxd4 5. Qxd4 h6 6. Nf3 e5 7. Qd3 Nf6 8. O-O
Be7 9. b3 O-O 10. a4 Nc5 11. Qe2 Bg4 12. h3 Bh5 13. Ba3 Ne6 14. Qe3 Bxf3 15.
Qxf3 Nd4 16. Qd3 Rc8 17. Bc4 Qa5 18. Ne2 Nxe4 19. Nxd4 1-0

[Event "33rd Leon Blitz Open 2020"]
[Site "chess.com INT"]
[Date "2020.07.14"]
[Round "1"]
[White "Tay, Junior"]
[Black "Puranik, Abhimanyu"]
[Result "0-1"]
[WhiteTitle "CM"]
[BlackTitle "GM"]
[WhiteElo "2230"]
[BlackElo "2584"]
[WhiteFideId "5800439"]
[BlackFideId "5061245"]
[EventDate "2020.07.14"]
[EventType "blitz"]

1. e4 e6 2. Nf3 d5 3. Nc3 Nf6 4. e5 Nfd7 5. d4 c5 6. Bg5 Qb6 7. dxc5 Bxc5 8. Qd2
h6 9. Bh4 g5 10. Bg3 Qa5 11. O-O-O Bb4 12. Kb1 Nc6 13. h3 Nc5 14. a3 Bxc3 15.
Qxc3 Qxc3 16. bxc3 Ne4 17. Kb2 Bd7 18. c4 dxc4 19. Bxc4 O-O-O 20. Rhe1 Nxg3 21.
fxg3 Ne7 22. Bd3 Bc6 23. Be4 Rxd1 0-1

[Event "33rd Leon Blitz Open 2020"]
[Site "chess.com INT"]
[Date "2020.07.14"]
[Round "1"]
[White "Seul, Georg"]
[Black "Fedoseev, Vladimir3"]
[Result "0-1"]
[WhiteTitle "IM"]
[BlackTitle "GM"]
[WhiteElo "2372"]
[BlackElo "2678"]
[WhiteFideId "4601653"]
[BlackFideId "24130737"]
[EventDate "2020.07.14"]
[EventType "blitz"]

1. e4 c5 2. d3 g6 3. f4 Bg7 4. Nf3 Nc6 5. Be2 d6 6. O-O b5 7. Nc3 b4 8. Nd5 e6
9. Ne3 Nge7 10. a3 a5 11. axb4 cxb4 12. d4 Qb6 13. c3 d5 14. e5 Ba6 15. Kh1 O-O
16. g4 f5 17. exf6 Rxf6 18. Bxa6 Qxa6 19. Ne5 Nxe5 20. fxe5 Rxf1+ 21. Qxf1 Qxf1+
22. Nxf1 bxc3 23. bxc3 a4 24. Ba3 Nc6 25. g5 Na5 26. Ne3 Nb3 27. Ra2 h5 28. gxh6
Bxh6 29. Ng4 Bd2 30. Bb4 g5 31. Nf6+ Kf7 32. Nd7 Kg6 33. Kg2 Bf4 34. Nb6 Rh8 35.
h3 g4 36. Rxa4 gxh3+ 37. Kh1 Kf5 38. Ra8 Rxa8 39. Nxa8 Nd2 0-1

[Event "33rd Leon Blitz Open 2020"]
[Site "chess.com INT"]
[Date "2020.07.14"]
[Round "1"]
[White "Khachatryan, Anna"]
[Black "Zwardon, Vojtech"]
[Result "0-1"]
[WhiteTitle "WFM"]
[BlackTitle "IM"]
[WhiteElo "2071"]
[BlackElo "2479"]
[WhiteFideId "13310780"]
[BlackFideId "325511"]
[EventDate "2020.07.14"]
[EventType "blitz"]

1. d4 Nf6 2. c4 e5 3. dxe5 Ng4 4. Bf4 g5 5. Bg3 Bg7 6. Nf3 Nc6 7. Nc3 Ngxe5 8.
Nxe5 Nxe5 9. e3 h5 10. h4 g4 11. Be2 d6 12. O-O Be6 13. Qb3 Qd7 14. Nd5 c6 15.
Nf4 O-O-O 16. Rfd1 Qe7 17. Qa4 Kb8 18. Rac1 Bf6 19. c5 d5 20. Nd3 Bf5 21. Nxe5
Bxe5 22. Bxe5+ Qxe5 23. Rc3 g3 24. f4 Qf6 25. Ra3 Qxh4 26. Qxa7+ Kc7 27. Qb6+
Kd7 28. Qxb7+ Ke8 29. Qxc6+ Bd7 0-1

[Event "33rd Leon Blitz Open 2020"]
[Site "chess.com INT"]
[Date "2020.07.14"]
[Round "1"]
[White "Krishna, C R G"]
[Black "Christensen, Thomas2"]
[Result "1-0"]
[WhiteTitle "IM"]
[BlackTitle "CM"]
[WhiteElo "2478"]
[BlackElo "2143"]
[WhiteFideId "5018625"]
[BlackFideId "1407635"]
[EventDate "2020.07.14"]
[EventType "blitz"]

1. Nf3 b6 2. g3 Bb7 3. Bg2 f5 4. O-O Nf6 5. d3 g6 6. b3 Bg7 7. Bb2 O-O 8. Nbd2
d6 9. e4 e5 10. exf5 gxf5 11. Nh4 Bxg2 12. Kxg2 f4 13. Nf5 Nbd7 14. Nxg7 Kxg7
15. gxf4 exf4 16. Rg1 Qe7 17. Qf3 Kh8 18. Rae1 Qf7 19. Kh1 Rg8 20. Qxf4 Rxg1+
21. Rxg1 Rg8 22. Ne4 Rxg1+ 23. Kxg1 Qg6+ 24. Kf1 Kg7 25. Nxf6 Nxf6 26. Qxf6+
Qxf6 27. Bxf6+ Kxf6 28. Kg2 Ke5 29. Kg3 Kd4 30. f4 Kd5 31. Kg4 Ke6 32. Kg5 Kf7
33. Kf5 h6 34. c3 c5 35. c4 a6 36. a4 1-0

[Event "33rd Leon Blitz Open 2020"]
[Site "chess.com INT"]
[Date "2020.07.14"]
[Round "1"]
[White "Chigaev, Maksim"]
[Black "Das, Arghyadip"]
[Result "1-0"]
[WhiteTitle "GM"]
[BlackTitle "IM"]
[WhiteElo "2588"]
[BlackElo "2453"]
[WhiteFideId "4108116"]
[BlackFideId "5003610"]
[EventDate "2020.07.14"]
[EventType "blitz"]

1. e4 e5 2. Nf3 Nf6 3. Nxe5 d6 4. Nf3 Nxe4 5. d3 Nf6 6. d4 Be7 7. Bd3 O-O 8. O-O
Bg4 9. h3 Bh5 10. Re1 c5 11. g4 Bg6 12. Nc3 Nc6 13. Bxg6 hxg6 14. d5 Nb8 15. Bf4
Nbd7 16. Qd3 a6 17. a4 Re8 18. Nd2 Bf8 19. Nc4 Nb6 20. Rxe8 Nxe8 21. Nd2 Qf6 22.
Bg3 Qd4 23. a5 Qxd3 24. cxd3 Nd7 25. Nc4 f5 26. g5 Rb8 27. Re1 Kf7 28. Re6 b6
29. axb6 Nxb6 30. Bxd6 Nxd5 31. Nxd5 Kxe6 32. Nf4+ 1-0

[Event "33rd Leon Blitz Open 2020"]
[Site "chess.com INT"]
[Date "2020.07.14"]
[Round "1"]
[White "Zverev, Lev"]
[Black "Schitco, Ivan"]
[Result "0-1"]
[WhiteTitle "CM"]
[BlackTitle "IM"]
[WhiteElo "2087"]
[BlackElo "2467"]
[WhiteFideId "24250775"]
[BlackFideId "13905465"]
[EventDate "2020.07.14"]
[EventType "blitz"]

1. e4 e5 2. Nf3 Nc6 3. Bb5 a6 4. Ba4 Nf6 5. d3 Bc5 6. c3 b5 7. Bb3 d6 8. O-O Bb6
9. a4 Rb8 10. axb5 axb5 11. d4 O-O 12. Be3 exd4 13. cxd4 Nxe4 14. Bd5 Qe8 15.
Qc2 Nb4 16. Qxe4 Qxe4 17. Bxe4 d5 18. Bxd5 Nxd5 19. Nc3 Be6 20. Ng5 Nxe3 21.
Nxe6 Nxf1 22. Nxf8 Kxf8 23. Kxf1 Bxd4 24. Rd1 c5 25. Rd2 b4 26. Ne2 Bf6 27. b3
c4 28. bxc4 b3 29. Rd1 b2 30. Rb1 Ra8 31. Nc3 Bxc3 0-1

[Event "33rd Leon Blitz Open 2020"]
[Site "chess.com INT"]
[Date "2020.07.14"]
[Round "1"]
[White "Maly, Alexey"]
[Black "Olsen, Filip Boe"]
[Result "1-0"]
[WhiteTitle "IM"]
[BlackTitle "IM"]
[WhiteElo "2371"]
[BlackElo "2353"]
[WhiteFideId "14103184"]
[BlackFideId "1440640"]
[EventDate "2020.07.14"]
[EventType "blitz"]

1. d4 Nf6 2. c4 e6 3. Nf3 b6 4. g3 Ba6 5. Nbd2 d5 6. Qc2 Be7 7. Bg2 O-O 8. O-O
Nbd7 9. b3 c5 10. e4 dxe4 11. Nxe4 Bb7 12. Nxf6+ Bxf6 13. Bb2 Bxf3 14. Bxf3 cxd4
15. Bxa8 Qxa8 16. f4 e5 17. Rae1 Re8 18. fxe5 Nxe5 19. Qg2 Nd3 20. Qxa8 Rxa8 21.
Re2 Nxb2 22. Rxb2 h5 23. Re2 Rd8 24. Rf3 Bg5 25. Rd3 Be3+ 26. Rexe3 1-0

[Event "33rd Leon Blitz Open 2020"]
[Site "chess.com INT"]
[Date "2020.07.14"]
[Round "1"]
[White "Ismagambetov, Anuar"]
[Black "Sliwicki, Damian"]
[Result "1/2-1/2"]
[WhiteTitle "GM"]
[BlackTitle "CM"]
[WhiteElo "2528"]
[BlackElo "2180"]
[WhiteFideId "13701525"]
[BlackFideId "1127128"]
[EventDate "2020.07.14"]
[EventType "blitz"]

1. e4 c5 2. Nf3 g6 3. d4 cxd4 4. Nxd4 Nc6 5. c4 Nf6 6. Nc3 Nxd4 7. Qxd4 d6 8.
Bg5 Bg7 9. Be2 O-O 10. Qd2 a5 11. O-O a4 12. Rad1 Qa5 13. f3 Be6 14. Nd5 Bxd5
15. exd5 Qb6+ 16. Be3 Qc7 17. Kh1 a3 18. b3 Nd7 19. f4 Nc5 20. Rde1 Ne4 21. Qc2
f5 22. Bf3 Nc5 23. Qf2 Nd3 24. Qe2 Nxe1 25. Rxe1 Kh8 26. h3 Qa5 27. Bd2 Bc3 28.
Bxc3+ Qxc3 29. Qxe7 Rae8 30. Qxe8 Rxe8 31. Rxe8+ Kg7 32. Kh2 Qd2 33. Re7+ Kf6
34. Re6+ Kf7 35. Re2 Qxf4+ 36. Kh1 g5 37. Bh5+ Kg7 38. Re7+ Kh6 39. Bf7 Qd2 40.
Re6+ Kg7 41. Bh5 Qxa2 42. g4 fxg4 43. hxg4 Qxb3 44. Re7+ Kf8 45. Re8+ Kg7 46.
Re7+ Kf6 47. Re6+ Kg7 48. Re7+ 1/2-1/2

[Event "33rd Leon Blitz Open 2020"]
[Site "chess.com INT"]
[Date "2020.07.14"]
[Round "1"]
[White "Gavilan Diaz, Mario"]
[Black "Vokhidov, Shamsiddin"]
[Result "0-1"]
[WhiteTitle "FM"]
[BlackTitle "GM"]
[WhiteElo "2278"]
[BlackElo "2512"]
[WhiteFideId "2260905"]
[BlackFideId "14204223"]
[EventDate "2020.07.14"]
[EventType "blitz"]

1. e4 c5 2. Nf3 Nc6 3. d4 cxd4 4. Nxd4 Nf6 5. Nc3 d6 6. Bg5 e6 7. Qd2 a6 8.
O-O-O Bd7 9. f3 Nxd4 10. Qxd4 h6 11. Be3 Bc6 12. Kb1 d5 13. exd5 Nxd5 14. Bc4
Nxe3 15. Qxe3 Qg5 16. Qe2 Be7 17. h4 Qc5 18. Ne4 Qe5 19. Bd3 O-O-O 20. h5 Kb8
21. g4 Rd7 22. c3 Rhd8 23. Bc2 f5 24. gxf5 exf5 25. f4 Qxf4 26. Rxd7 Rxd7 27.
Rd1 Rxd1+ 28. Qxd1 fxe4 0-1

[Event "33rd Leon Blitz Open 2020"]
[Site "chess.com INT"]
[Date "2020.07.14"]
[Round "1"]
[White "Stupak, Kirill"]
[Black "Baches Garcia, Guillermo"]
[Result "1-0"]
[WhiteTitle "GM"]
[BlackTitle "IM"]
[WhiteElo "2520"]
[BlackElo "2329"]
[WhiteFideId "13503758"]
[BlackFideId "2209764"]
[EventDate "2020.07.14"]
[EventType "blitz"]

1. d4 Nf6 2. g3 e6 3. Bg2 d5 4. Nf3 c5 5. O-O Nc6 6. c4 dxc4 7. Ne5 Bd7 8. Nxc6
Bxc6 9. Bxc6+ bxc6 10. Qa4 cxd4 11. Qxc6+ Nd7 12. Qxc4 Bc5 13. a3 O-O 14. b4 Bb6
15. Bb2 e5 16. Nd2 Rc8 17. Qd3 f5 18. Rac1 Qe7 19. Rxc8 Rxc8 20. Qxf5 Rf8 21.
Qd3 Nf6 22. Ne4 Ng4 23. a4 Qf7 24. a5 Bd8 25. h3 Ne3 26. Rc1 Nd5 27. Qb3 Be7 28.
b5 Kh8 29. b6 axb6 30. axb6 Rb8 31. b7 Qe6 32. Rc8+ Rxc8 33. bxc8=Q+ Qxc8 34.
Qxd5 1-0

[Event "33rd Leon Blitz Open 2020"]
[Site "chess.com INT"]
[Date "2020.07.14"]
[Round "1"]
[White "Franco Valencia, Angela"]
[Black "Henderson de La Fuente, Lance"]
[Result "0-1"]
[WhiteTitle "WIM"]
[BlackTitle "GM"]
[WhiteElo "2089"]
[BlackElo "2491"]
[WhiteFideId "4403070"]
[BlackFideId "32096585"]
[EventDate "2020.07.14"]
[EventType "blitz"]

1. e4 e6 2. d4 d5 3. Nd2 Be7 4. e5 c5 5. c3 cxd4 6. cxd4 Qb6 7. Qg4 Kf8 8. Nb3
Bb4+ 9. Bd2 Bxd2+ 10. Nxd2 Ne7 11. Rb1 Bd7 12. Bd3 Bb5 13. Bxb5 Qxb5 14. Ne2 Qd3
15. Rc1 Nbc6 16. Nb3 h5 17. Qf4 Ng6 18. Qg5 Nb4 19. Nc5 Qb5 20. Kf1 Ne7 21. f3
Nxa2 22. Ra1 Nb4 23. Kf2 b6 24. Nb7 Nd3+ 25. Kg3 Nf5+ 26. Kh3 Nf2# 0-1

[Event "33rd Leon Blitz Open 2020"]
[Site "chess.com INT"]
[Date "2020.07.14"]
[Round "1"]
[White "Osmak, Iulija"]
[Black "Deac, Bogdan-Daniel"]
[Result "0-1"]
[WhiteTitle "IM"]
[BlackTitle "GM"]
[WhiteElo "2438"]
[BlackElo "2625"]
[WhiteFideId "14101602"]
[BlackFideId "1226380"]
[EventDate "2020.07.14"]
[EventType "blitz"]

1. c4 e6 2. Nc3 d5 3. e3 g6 4. b3 Bg7 5. Bb2 Ne7 6. Nf3 O-O 7. h4 h5 8. g3 c5 9.
Bg2 b6 10. O-O Bb7 11. cxd5 Nxd5 12. Rc1 Nc6 13. Qe2 Ncb4 14. d4 Nxc3 15. Bxc3
Ba6 16. Qd2 Bxf1 17. Kxf1 Nd5 18. Ba1 Rc8 19. e4 Ne7 20. Rd1 cxd4 21. Nxd4 e5
22. Ne2 Qxd2 23. Rxd2 Rfd8 24. Ke1 Rxd2 25. Kxd2 Nc6 26. Bh3 Rc7 27. Nc3 Bh6+
28. Kd1 Nb4 29. a3 Nd3 30. Ke2 Nc1+ 31. Kf3 Nxb3 32. Bb2 Rc4 33. Bf1 Nd2+ 34.
Kg2 Nxf1 35. Kxf1 Bc1 0-1

[Event "33rd Leon Blitz Open 2020"]
[Site "chess.com INT"]
[Date "2020.07.14"]
[Round "1"]
[White "Timofeev, Artyom"]
[Black "Liang, Justin"]
[Result "1-0"]
[WhiteTitle "GM"]
[WhiteElo "2580"]
[BlackElo "2067"]
[WhiteFideId "4140419"]
[BlackFideId "2099942"]
[EventDate "2020.07.14"]
[EventType "blitz"]

1. c4 e5 2. e3 Nf6 3. Nc3 Bb4 4. Nge2 e4 5. a3 Bxc3 6. Nxc3 d6 7. d3 Bg4 8. Qc2
exd3 9. Bxd3 O-O 10. h3 Be6 11. O-O Nc6 12. b3 h6 13. Bb2 Nd7 14. Rad1 f5 15.
Nd5 Nde5 16. Be2 Qd7 17. b4 Qf7 18. f4 Ng6 19. Bh5 Kh7 20. Rf3 Bxd5 21. cxd5
Nce7 22. Rg3 Rac8 23. Kh2 Rfd8 24. e4 Qf8 25. Rf1 Rd7 26. exf5 Nh4 27. f6+ Nef5
28. fxg7 Qg8 29. Qxf5+ 1-0

[Event "33rd Leon Blitz Open 2020"]
[Site "chess.com INT"]
[Date "2020.07.14"]
[Round "1"]
[White "Le, Tuan Minh"]
[Black "Anand, Nadar"]
[Result "1-0"]
[WhiteTitle "IM"]
[BlackTitle "IM"]
[WhiteElo "2501"]
[BlackElo "2347"]
[WhiteFideId "12401153"]
[BlackFideId "25009141"]
[EventDate "2020.07.14"]
[EventType "blitz"]

1. d4 Nf6 2. Nf3 d5 3. Bf4 e6 4. e3 Be7 5. Bd3 Nbd7 6. c4 dxc4 7. Bxc4 b6 8. Nc3
Bb7 9. O-O O-O 10. h3 Nd5 11. Bh2 c5 12. Rc1 Rc8 13. Qe2 cxd4 14. Nxd4 Bc5 15.
Nxd5 Bxd4 16. exd4 exd5 17. Bb5 Nf6 18. Rfe1 Ne4 19. Qe3 a6 20. Bd3 Re8 21. Rxc8
Qxc8 22. Rc1 Qd8 23. Qf4 a5 24. Qc7 Qf6 25. Bxe4 1-0

[Event "33rd Leon Blitz Open 2020"]
[Site "chess.com INT"]
[Date "2020.07.14"]
[Round "1"]
[White "Aleksandrov, Aleksej"]
[Black "Costa, Paulo Cesar"]
[Result "1-0"]
[WhiteTitle "GM"]
[WhiteElo "2608"]
[BlackElo "1974"]
[WhiteFideId "13500139"]
[BlackFideId "2101912"]
[EventDate "2020.07.14"]
[EventType "blitz"]

1. d4 d5 2. c4 c6 3. Nc3 e6 4. e3 f5 5. Bd3 Nf6 6. f3 Bb4 7. Ne2 O-O 8. a3 Bxc3+
9. Nxc3 Nbd7 10. O-O b6 11. cxd5 cxd5 12. Bd2 Bb7 13. Rc1 Rc8 14. Qe2 Nb8 15.
Rc2 Qd7 16. Rfc1 Rfd8 17. Be1 Nc6 18. Bg3 Na5 19. Nb5 Rxc2 20. Rxc2 Bc6 21. Nc3 1-0

[Event "33rd Leon Blitz Open 2020"]
[Site "chess.com INT"]
[Date "2020.07.14"]
[Round "1"]
[White "Kazakouski, Valery"]
[Black "Panda, Vedic"]
[Result "1-0"]
[WhiteTitle "IM"]
[WhiteElo "2473"]
[BlackElo "2069"]
[WhiteFideId "13507443"]
[BlackFideId "30903416"]
[EventDate "2020.07.14"]
[EventType "blitz"]

1. d4 Nf6 2. Nf3 e6 3. c4 b6 4. g3 Ba6 5. Qb3 Nc6 6. Nbd2 Na5 7. Qc3 c5 8. dxc5
bxc5 9. e4 Nc6 10. e5 Ng4 11. h3 Nh6 12. g4 Bb7 13. Bg2 f6 14. Ne4 Ng8 15. exf6
Nxf6 16. Ng3 Nd4 17. O-O Qb6 18. g5 Ne4 19. Nxe4 Ne2+ 20. Kh1 Nxc3 21. Nxc3 Be7
22. Ne5 Bxg2+ 23. Kxg2 d6 24. Nd3 O-O 25. b3 Qc6+ 26. f3 Rf5 27. h4 Raf8 28. Ne1
h6 29. gxh6 Bxh4 30. hxg7 Kxg7 31. Ne4 Bxe1 32. Bb2+ e5 33. Raxe1 Kf7 34. Kf2
Ke6 35. Ke3 Rg8 36. Rd1 Rd8 37. Rg1 Kf7 38. Rd5 Qa6 39. Ra1 1-0

[Event "33rd Leon Blitz Open 2020"]
[Site "chess.com INT"]
[Date "2020.07.14"]
[Round "1"]
[White "Yanchenko, Roman"]
[Black "Berkovich, Mark A"]
[Result "1-0"]
[WhiteTitle "FM"]
[BlackTitle "IM"]
[WhiteElo "2467"]
[BlackElo "2326"]
[WhiteFideId "4137329"]
[BlackFideId "2801639"]
[EventDate "2020.07.14"]
[EventType "blitz"]

1. d4 Nf6 2. Nf3 e6 3. Bg5 c5 4. e3 h6 5. Bh4 b6 6. Nbd2 Bb7 7. Be2 Be7 8. O-O
O-O 9. c3 Nc6 10. h3 cxd4 11. exd4 Rc8 12. Re1 Nd5 13. Bg3 f5 14. Bd3 Nf6 15.
Nc4 Ne4 16. Bh2 Na5 17. Nxa5 bxa5 18. Nd2 Nf6 19. Qe2 Qb6 20. Nc4 Qc6 21. f3 Ba8
22. Nxa5 Qb6 23. Nc4 Qc6 24. Ne5 Qb6 25. Ng6 Rfe8 26. a4 Nd5 27. a5 Qb7 28. Ba6 1-0